[Event "Mittelfrank Regionalliga Sud-West 2223"]
[Site "Mittelfranken"]
[Date "2022.11.27"]
[Round "3.8"]
[White "Kapfer, Ulrich"]
[Black "Cocian, Ioan Ovidiu"]
[Result "1-0"]
[WhiteElo "1818"]
[BlackElo "1977"]
[PlyCount "31"]
[EventDate "2022.10.09"]
[EventType "team-tourn"]
[EventRounds "9"]
[EventCountry "GER"]
[SourceTitle "EXT 2024"]
[Source "ChessBase"]
[SourceDate "2023.10.10"]
[SourceVersion "1"]
[SourceVersionDate "2023.10.10"]
[SourceQuality "1"]
[WhiteTeam "Dillingen"]
[BlackTeam "Altstadt Roter Turm"]
[WhiteTeamCountry "GER"]
[BlackTeamCountry "GER"]

1. d4 d5 2. Nf3 Nf6 3. e3 c5 4. b3 Nc6 5. Bb2 Bg4 6. Nbd2 e6 7. Bd3 cxd4 8. exd4 Bd6 9. 0-0 0-0 10. a3 Rc8 11. Qe1 Nh5 12. Ne5 Bxe5 13. dxe5 Nf4 14. Qe3 Qg5 15. Rfe1 h6 16. h4 1-0

[Event "ROM-chT2"]
[Site "Slanic Moldova"]
[Date "2017.10.04"]
[Round "5.6"]
[White "Bolintis, Mihai"]
[Black "Cocian, Ioan Ovidiu"]
[Result "1-0"]
[WhiteElo "2079"]
[BlackElo "1985"]
[PlyCount "111"]
[EventDate "2017.09.30"]
[EventType "team-tourn"]
[EventRounds "9"]
[EventCountry "ROU"]
[SourceTitle "CBM 181 Extra"]
[Source "ChessBase"]
[SourceDate "2017.12.12"]
[SourceVersion "1"]
[SourceVersionDate "2017.12.12"]
[SourceQuality "1"]
[WhiteTeam "Resita Muncitorul"]
[BlackTeam "Marmatiei Sighetu"]
[WhiteTeamCountry "ROU"]
[BlackTeamCountry "ROU"]

1. d4 Nf6 2. Nf3 g6 3. b3 Bg7 4. Bb2 0-0 5. e3 b6 6. c4 d6 7. Be2 Bb7 8. 0-0 Nbd7 9. Nc3 e5 10. Qc2 Qe7 11. Rac1 c5 12. d5 Ng4 13. h3 Nh6 14. e4 f5 15. exf5 gxf5 16. Rce1 e4 17. Nh2 Rae8 18. Nb5 Ne5 19. f3 a6 20. Nc3 exf3 21. Nxf3 Bc8 22. Nd1 Kh8 23. Nf2 f4 24. Nxe5 dxe5 25. Bd3 f3 26. g3 Qg5 27. Kh2 Qh5 28. Re4 Qf7 29. Rfe1 Bf5 30. Rh4 Qg6 31. Be4 Bf6 32. Rxh6 Bxe4 33. Rxg6 Bxc2 34. Rxf6 Rxf6 35. Rxe5 Ref8 36. Re6 Kg7 37. Rxf6 Rxf6 38. Ng4 f2 39. Bxf6+ Kf7 40. Kg2 h5 41. Ne5+ Kxf6 42. Nd7+ Ke7 43. Nxb6 Bb1 44. a3 f1R 45. Kxf1 a5 46. Ke2 Bf5 47. h4 Bc2 48. Na4 Kd6 49. Nb2 Bxb3 50. Kf3 Ke5 51. g4 hxg4+ 52. Kxg4 Bc2 53. Kg5 Bb1 54. h5 Bc2 55. h6 Bb1 56. Na4 1-0

[Event "ROM-chT2"]
[Site "Slanic Moldova"]
[Date "2017.09.30"]
[Round "1.6"]
[White "Cocian, Ioan Ovidiu"]
[Black "Lefterache, Daniel"]
[Result "1/2-1/2"]
[WhiteElo "1985"]
[BlackElo "1973"]
[PlyCount "89"]
[EventDate "2017.09.30"]
[EventType "team-tourn"]
[EventRounds "9"]
[EventCountry "ROU"]
[SourceTitle "CBM 181 Extra"]
[Source "ChessBase"]
[SourceDate "2017.12.12"]
[SourceVersion "1"]
[SourceVersionDate "2017.12.12"]
[SourceQuality "1"]
[WhiteTeam "Marmatiei Sighetu"]
[BlackTeam "Constanta Fianchetto"]
[WhiteTeamCountry "ROU"]
[BlackTeamCountry "ROU"]

1. e4 e5 2. Nf3 Nc6 3. d4 exd4 4. Bc4 Nf6 5. 0-0 d6 6. Ng5 Ne5 7. Qxd4 h6 8. Nf3 Nxf3+ 9. gxf3 Bh3 10. Re1 Nd7 11. f4 Qh4 12. Qe3 Be6 13. Bf1 Qg4+ 14. Kh1 Nb6 15. Qg3 0-0-0 16. Be3 Qxg3 17. fxg3 f5 18. Bh3 g6 19. Bd4 Rg8 20. exf5 Bxf5 21. Bxf5+ gxf5 22. Nc3 d5 23. Re6 c5 24. Be5 d4 25. Nb5 Nd5 26. Re1 a6 27. Nd6+ Bxd6 28. Bxd6 c4 29. Rd1 Rge8 30. Rxe8 Rxe8 31. Rxd4 Ne3 32. h3 b5 33. c3 Rg8 34. g4 fxg4 35. hxg4 Rxg4 36. Be5 Nf5 37. Rd5 h5 38. Rc5+ Kd7 39. a4 Nh4 40. axb5 Nf3 41. Bd4 axb5 42. Rxb5 h4 43. b3 cxb3 44. Rxb3 h3 45. Rb1 1/2-1/2

[Event "Predeal op"]
[Site "Predeal"]
[Date "2006.08.15"]
[Round "5"]
[White "Jianu, Vlad Cristian"]
[Black "Cocian, Ioan Ovidiu"]
[Result "1-0"]
[WhiteElo "2491"]
[BlackElo "1992"]
[PlyCount "127"]
[EventDate "2006.08.12"]
[EventType "swiss"]
[EventRounds "9"]
[EventCountry "ROU"]
[SourceTitle "CBM 113 Extra"]
[Source "ChessBase"]
[SourceDate "2006.09.14"]
[SourceVersion "1"]
[SourceVersionDate "2006.09.14"]
[SourceQuality "1"]

1. d4 d5 2. c4 c6 3. Nf3 Nf6 4. Qc2 g6 5. Nc3 Bg7 6. Bf4 0-0 7. e3 Nbd7 8. h3 Qa5 9. Bd3 dxc4 10. Bxc4 Nb6 11. Bb3 Bf5 12. Qd2 Nbd5 13. Bh2 Nxc3 14. Qxc3 Qxc3+ 15. bxc3 Ne4 16. Rc1 c5 17. g4 Be6 18. Bxe6 fxe6 19. Bf4 Rac8 20. Ke2 cxd4 21. cxd4 Nc3+ 22. Kd3 Nxa2 23. Rxc8 Rxc8 24. Rb1 a5 25. Rxb7 Nb4+ 26. Ke4 Nd5 27. Rb8 Rxb8 28. Bxb8 a4 29. Kd3 a3 30. Kc2 Nb4+ 31. Kb1 e5 32. Bxe5 Bxe5 33. Nxe5 g5 34. d5 Nxd5 35. Ka2 Nc3+ 36. Kxa3 Ne4 37. Nd3 Nd2 38. Kb2 Kf7 39. Kc2 Nf3 40. Kd1 Kf6 41. Ke2 Ng1+ 42. Kf1 Nf3 43. Ke2 Ng1+ 44. Kf1 Nf3 45. Ne1 Nd2+ 46. Ke2 Nc4 47. Kd3 Nd6 48. Kd4 Nb5+ 49. Kc4 Nd6+ 50. Kd5 Nb5 51. Nd3 e6+ 52. Kc4 Nd6+ 53. Kc5 Ne4+ 54. Kd4 Nd6 55. Nc5 Nf7 56. Ne4+ Ke7 57. f4 h6 58. f5 exf5 59. gxf5 h5 60. Kd5 g4 61. h4 Nh6 62. Ng3 Ng8 63. Ke5 Nf6 64. e4 1-0